000 00337nam a22001457a 4500
008 240318b ||||| |||| 00| 0 eng d
020 _a9780743264761
041 _aeng
080 _22005
_a61
082 _a61KAU
100 _a5
101 _aMJEKSI E PERGJITHSHME
245 _aAND A TIME TO DIE
_cSHARON R.KAUFMAN
942 _2udc
_cBK
999 _c60617
_d60617